| 000 | 01448nam a22002537a 4500 | ||
|---|---|---|---|
| 999 |
_c62113 _d62113 |
||
| 003 | Ge_BSU | ||
| 005 | 20240715132343.0 | ||
| 008 | 240715s2012 ge ||||| |||| 00| 0 geo d | ||
| 020 | _a9992876123 | ||
| 041 | _ageo | ||
| 080 | _a616-092(075.8)ყ-56 | ||
| 100 |
_aყიფიანი, ვახტანგ _e ავტორი. _97955 |
||
| 245 |
_a ორგანოების და სისტემების პათოფიზიოლოგია _b (პათოლოგიურ ფიზიოლოგიაში სახელმძღვანელოს მე-2 ნაწილი / _cვახტანგ ყიფიანი ; [სამეცნ. რედ. ირინე კვაჭაძე] ; |
||
| 264 |
_aთბილისი, _c2012. |
||
| 300 |
_a574 გვ:. _b29 სმ. |
||
| 501 | _aსაგნობრივი საძ.გვ; 560-571 | ||
| 504 | _aბიბლიოგრაფ.გვ: 572-574 | ||
| 653 | _aპათოფიზიოლოგია. | ||
| 653 | _aზოგადი პათოფიზიოლოგია | ||
| 653 | _a[სახელმძღვანელო უმაღლ. სამედ. სასწ. სტუდენტებისათვის]. | ||
| 653 | _aმედიცინა | ||
| 700 |
_a კვაჭაძე, ირინე _eსამეცნიერო რედაქტორი _922826 |
||
| 942 |
_2udc _cᲬᲘᲒᲜᲘ |
||